00630nam a2200193Ia 450000500170000000800410001702000150005808200160007310000160008924500970010526000380020230000330024065000130027365000110028665000200029794200060031795200980032399900150042120240822050102.0240331s9999 xx 000 0 und d a0312123167 bPARa427.95 aParakrama,A 0aDe-hegemonizing language standards :blearning from (post)colonial englishes about 'english' aLondonbMacmillan Press Ltdc1995 axxxvii, 216 p ., ( 2nd copy) aPolitics a Women aEnglish Lanuage cL 001040708LaWERCLbWERCLcSSCd2024-03-31l0o 427.95 PARp2870r2024-03-31w2024-03-31yL c4417d4417